000 00615nam a2200217 a 4500
001 56221
003 BD-RjUL
005 20211209080353.0
008 161127s1968 enkabch b 000 0 eng
035 _a(BD-RjUL)56345
040 _aDLC
_cDLC
_dBD-RjU
_beng
041 _aeng
082 0 0 _a956.101
_223
_bCOO 1968
100 1 _aColes, Paul.
_9167295
245 1 4 _aThe Ottoman impact on Europe /
_cPaul Coles
260 _aLondon :
_bThames and Hudson,
_c1968
300 _a216 p. :
_bill ;
_c22 cm.
651 0 _aTurkey
_xHistory
_yTo 1453.
_9167296
651 0 _aTurkey
_xHistory
_y1453-1683.
_9167297
942 _2ddc
_cBK
999 _c56221
_d56221